|
|
|
|
| LEADER |
01247nam a2200349 a 4500 |
| 001 |
000574299 |
| 003 |
CZ BrMZK |
| 005 |
20100215144259.0 |
| 007 |
ta |
| 008 |
011010s2001 xr f eng d |
| 015 |
|
|
|a cnb000889987
|
| 020 |
|
|
|a 80-244-0305-6
|
| 035 |
|
|
|a (OCoLC)51187417
|
| 040 |
|
|
|a BOA001
|b cze
|
| 072 |
|
7 |
|a 502
|x Životní prostředí a jeho ochrana
|2 Konspekt
|9 2
|
| 080 |
|
|
|a 502.131.1
|2 MRF
|
| 080 |
|
|
|a 316.422
|2 MRF
|
| 080 |
|
|
|a (048.8)
|2 MRF
|
| 100 |
1 |
|
|a Nováček, Pavel,
|d 1961-
|7 jn20000401884
|4 aut
|
| 245 |
1 |
0 |
|a Third transition :
|b towards sustainable development and global governance /
|c Pavel Nováček
|
| 250 |
|
|
|a 1. vyd.
|
| 260 |
|
|
|a Olomouc :
|b Univerzita Palackého,
|c 2001
|
| 300 |
|
|
|a 285 s. ;
|c 21 cm
|
| 500 |
|
|
|a Překlad z českého originálu
|
| 504 |
|
|
|a Bibliografie na s. 268-285
|
| 650 |
0 |
7 |
|a trvale udržitelný rozvoj
|7 ph126768
|2 czenas
|
| 650 |
0 |
7 |
|a globalizace
|7 ph120568
|2 czenas
|
| 655 |
|
7 |
|a studie
|7 fd133597
|2 czenas
|
| 910 |
|
|
|a BOA001
|b 2-1091.231
|
| 990 |
|
|
|a BK
|
| 996 |
6 |
|
|b 2610144449
|c 2-1091.231
|l MZK
|r Sklad / do 1 hodiny
|n 0
|p p.v.
|w 000574299
|u 000010
|a 1
|e BOA001
|j MZK50
|s P
|
| 996 |
7 |
|
|b 2610166207
|c 2-1091.231
|l MZK
|r Sklad / do 1 hodiny
|n 4
|p dar
|w 000574299
|u 000020
|a 1
|e BOA001
|j MZK50
|s A
|